000 00591nam a2200205 a 4500
005 20240228063955.0
008 081205s2006 mx r 000 0 spa d
020 _a9788467512052
035 _aUPN01000168350
049 _aI
050 4 _aBF723 F4
_bR6.8
100 1 _aRomeu Muller, Carlos
245 1 0 _aVicente ya es valiente /
_cRomeu.
260 _aMadrid :
_bSM,
_c2006.
300 _a28 p. :
_bprincipalmente il. col.
440 3 _aEl barco de vapor ;
_v83.
_pLos piratas
650 4 _aMIEDOS INFANTILES
_96668
650 4 _aLibros y lectura para niƱos
_92290
905 _aInfantil
999 _c140457
_d140457